| 000 | 01189cam a2200133 4500500 | ||
|---|---|---|---|
| 005 | 20260329024403.0 | ||
| 041 | _afre | ||
| 042 | _adc | ||
| 100 | 1 | 0 |
_aAuriacombe, Éric _eauthor |
| 245 | 0 | 0 | _aHarry Potter, l'enfant héros : Essai sur la psychopathologie de Harry Potter |
| 260 |
_bPresses Universitaires de France,
_c2005. |
||
| 520 | _aPourquoi un tel succès, comment une telle série peut-elle passionner enfants et adultes ? L’auteur, lui-même intrigué par ces volumes recoupant ses propres travaux et recherches sur le rôle des contes, la psychologie des enfants et la psychopathologie, s’est plongé dans l’analyse du livre et expose certains des thèmes qui l’ont passionné, en particulier une approche de la psychopathologie du deuil de l’enfant, la question du traumatisme, de la maltraitance, la fonction du secret et l’usage du monde magique. Un ouvrage passionnant qui, en décryptant le conte et la personnalité de Harry, permet de comprendre l’intérêt des lecteurs de tous les âgeset le succès de cette série. | ||
| 856 | 4 | 1 | _uhttps://shs.cairn.info/harry-potter-l-enfant-heros--9782130553557?lang=fr&redirect-ssocas=7080 |
| 999 |
_c1933622 _d1933622 |
||